000 00679nam a22002057a 4500
999 _c20811
_d20811
005 20200203160650.0
008 200203b xxu||||| |||| 00| 0 spa d
040 _aCO-BoIAVH
_cCO-BoIAVH
041 _aspa
044 _ack
110 _aEmpresa Multipropósito Urrá
245 _aPreguntas frecuentes sobre Urrá.
260 _aMontería, Córdoba:
_bEmpresa URRA,
_c2014.
300 _a20 Páginas:
_bfotografías,
_c20 x 19 cm.
_e+ 1 folleto plegable
650 0 _aGuía informativa
650 0 _acentral hidroeléctrica
650 0 _asosteniblidad ambiental
650 0 _aAdaptación al cambio climático
942 _2ddc
_cFolleto